XXXIX Congreso Internacional de Americanistas

Gespeichert in:
Bibliographische Detailangaben
Hauptverfasser: Avalos de Matos, Rosalía (VerfasserIn), Ravines, Rogger (VerfasserIn)
Format: Buch
Sprache:Spanisch
Veröffentlicht: Lima IEP 1972
Schlagworte:
Tags: Tag hinzufügen
Keine Tags, Fügen Sie den ersten Tag hinzu!

MARC

LEADER 00000cam a2200000 a 4500
001 UCF3536
003 CL-VaPUC
005 20250312125710.0
008 121018e19720000pe 1 spa d
082 0 4 |a 498  |b AVA  |2 21 
100 1 |a Avalos de Matos, Rosalía  |e author  |9 621943 
700 1 |a Ravines, Rogger  |e author  |9 621944 
245 1 0 |a XXXIX Congreso Internacional de Americanistas 
260 |a Lima  |b IEP  |c 1972 
300 |a v 
500 |a v.1: actas, documentos y memorias 
500 |a v.2: el proceso de urbanización en América desde sus orígenes hasta nuestros días 
583 |a last modification  |c 20190910 10:37:50  |k Rodrigo Vera 
650 0 0 |a Lingüística  |9 265068 
650 0 0 |a Etnolingüística  |9 341076 
650 0 0 |a Sociolingüística  |9 263716 
942 |c BK 
945 |a dcastane  |d 20121018 00:00:00 
546 |a En Español 
536 |a Instituto de estudios Peruanos 
518 |p Congreso Internacional de Americanistas, 39, Lima, 1970 
999 |c 384710  |d 384708 
952 |0 0  |1 0  |4 0  |6 498_000000000000000_AVA_1972  |7 0  |8 A  |9 507631  |a BIBHIS  |b BIBHIS  |d 2020-01-23  |h v.1  |i 4915801  |o 498 AVA 1972  |p 4915801  |r 2025-01-20  |w 2020-01-23  |y BK  |k HIS 
952 |0 0  |1 0  |4 0  |6 498_000000000000000_AVA_1972  |7 0  |8 A  |9 507632  |a BIBHIS  |b BIBHIS  |d 2020-01-23  |h v.2  |i 491581K  |o 498 AVA 1972  |p 491581K  |r 2025-01-20  |w 2020-01-23  |y BK  |k HIS